000 01035nam a2200289 i 4500
003 EG-GICUC
005 20260412073438.0
008 260216s1946 uk ||||fry||| 000 0 eng d
040 _a EG-GICUC
_beng
_c EG-GICUC
_d EG-GICUC
_erda
082 0 4 _221
_a341.7805
_bCO . C
092 0 4 _221
099 _aLaw1 11 341.7805 CO . C 1946
111 _aCompte Rendu : Du Seizième Congrès De L'alliance Coopérative Internationale.
_c(16:
_nZurich:
_d1946)
245 0 0 _aCompte Rendu :
_bDu Seizième Congrès De L'alliance Coopérative Internationale.
264 1 _aLondon :
_bGreat Smith Street, Westminster,
_c1946.
300 _a214 صفحة
_bإيضاحيات، صور، مثيليات ؛
_c24 سم
336 _2rda content
_atext
337 _2rda media
_aComputer
338 _2rda carrier
_aOnline Resource
504 _a
546 _aText in English
650 1 4 _2
_aPublic international law
651 1 _2
856 4 0 _uhttps://fll.law.cu.edu.eg/fulltext/conf/B11-07385.pdf
905 _a50
942 _2ddc
_cBK
_e21
_n0
999 _c63214
_d63214